Teoría y práctica de lo contencioso-administrativo : glosas a la nueva ley / Sabino Álvarez-Gendín glosas a la nueva ley / Sabino Álvarez-Gendín
Descripción Física:
231 p. ; 22 cm
MARC
| LEADER | 00000nam a2200000Ia 4500 | ||
|---|---|---|---|
| 001 | 20048 | ||
| 008 | 160829s1960 xx 000 0 cat d | ||
| 080 | |a D-3-199 | ||
| 100 | |a Álvarez-Gendín, Sabino |9 23656 | ||
| 245 | |a Teoría y práctica de lo contencioso-administrativo : |b glosas a la nueva ley / Sabino Álvarez-Gendín | ||
| 260 | |a Barcelona : |b Bosch, |c 1960 | ||
| 300 | |a 231 p. ; |c 22 cm | ||
| 650 | |a Recurs contenciós administratiu |x Espanya |9 45170 | ||
| 901 | |a Arxiu | ||
| 942 | |n 1 | ||
| 952 | |0 1 |1 0 |2 udc |4 0 |5 2 |6 D3199 |7 1 |9 52407 |a Arxiu |b Arxiu |d 2016-12-01 |l 0 |o D-3-199 |p 20048 |r 2016-12-01 00:00:00 |w 2016-12-01 |y ARXIU | ||
| 999 | |c 56255 |d 56255 | ||